000 01070nam a2200301 i 4500
003 EG-GICUC
005 20260213113120.0
008 260213s1982 ua |||fr|||| 00| 0 ara d
040 _a EG-GICUC
_bara
_c EG-GICUC
_d EG-GICUC
_erda
041 0 _aAra
082 0 4 _221
_a343.11221
_bب ن . ق
092 0 4 _221
099 _aLaw1 10 343.11221 ب ن . ق 1982
110 1 _aبنك القوانين
_eمؤلف.
245 1 0 _aقوانين التموين والتسعير الجبرى /
_cتأليف بنك القوانين.
264 3 _aالقاهرة :
_bالمطبوعات القانونية،
_c1982.
300 _a48 ؛صفحة
_c24 سم.
336 _2rda content
_atext
337 _2rda media
_aComputer
338 _2rda carrier
_aOnline Resource
546 _aالنص باللغة العربية
650 1 _aالحماية الجنائية للمستهلك
_2qrmak
650 1 _aالقانون الجنائى
_2qrmak
651 1 _2qrmak
856 4 0 _uhttps://fll.law.cu.edu.eg/fulltext/bks/B10-08808.pdf
905 _a54
942 _2ddc
_cBK
_e21
_n0
999 _c63012
_d63012